| Поле | Инд. | ПП | Название | Значение |
|---|---|---|---|---|
| Тип записи | a | |||
| Библиографический уровень | m | |||
| 001 | Контрольный номер | RU/IS/BASE/479827468 | ||
| 005 | Дата корректировки | 20150330085210.2 | ||
| 040 | a | Служба первич. каталог. | НБ ТвГУ | |
| b | Код языка каталог. | rus | ||
| e | Правила каталог. | PSBO | ||
| 041 | 0_ | a | Код языка текста | rus |
| 080 | a | Индекс УДК | 524 | |
| 084 | a | Индекс другой классификации/Индекс ББК | В662 | |
| 090 | a | Полочн. индекс | В662 | |
| x | Авторский знак | О-39 | ||
| 100 | 1_ | a | Автор | Огородников Кирилл Федорович |
| q | Полное имя | проф. К. Ф. Огородников | ||
| 245 | 00 | a | Заглавие | Сколько звезд на небе |
| 250 | a | Основные сведения об издании | Изд. 3-е | |
| 260 | a | Место издания | Москва | |
| b | Издательство | ФИЗМАТЛИТ | ||
| c | Дата издания | 1959 | ||
| 300 | a | Объем | 38, [2] с. | |
| b | Иллюстрации/ тип воспроизводства | ил. | ||
| 440 | _0 | a | Серия | Научно-популярная библиотека |
| v | N тома | вып. 66 | ||
| 653 | a | Ключевые слова | Вселенная | |
| a | Ключевые слова | Звездная астрономия | ||
| a | Ключевые слова | Звездный мир | ||
| a | Ключевые слова | Звезды | ||
| a | Ключевые слова | Струве Василий Яковлевич | ||
| 901 | t | Тип документа | m | |
| 920 | a | Оператор | Семен | |
| a | Оператор | Суха | ||
| a | Оператор | Густ | ||
| a | Оператор | Стро | ||
| 930 | a | Новая/Ретро | новая | |
| 952 | c | Вид литературы | К рн | |
| 954 | a | Дата поступления на обработку | 20150326 | |
| c | Дата окончания ОНО | 20150324 | ||
| b | Дата поступления в ОК | 20150316 |